Creating Clare of Assisi (Record no. 111155)
[ view plain ]
| 000 -LEADER | |
|---|---|
| fixed length control field | 01895nam a2200397 a 4500 |
| 082 04 - DEWEY DECIMAL CLASSIFICATION NUMBER | |
| Classification number | 271/.97302 |
| 100 1# - MAIN ENTRY--AUTHOR NAME | |
| Personal name | Knox, Lezlie S. |
| 245 10 - TITLE STATEMENT | |
| Title | Creating Clare of Assisi |
| 260 ## - PUBLICATION, DISTRIBUTION, ETC. (IMPRINT) | |
| Place of publication | Leiden ; |
| -- | Boston : |
| Name of publisher | Brill, |
| Year of publication | 2008. |
| 300 ## - PHYSICAL DESCRIPTION | |
| Number of Pages | xv, 226 p. : |
| Other physical details | maps. |
| 490 1# - SERIES STATEMENT | |
| Series statement | The medieval Franciscans, |
| 505 0# - FORMATTED CONTENTS NOTE | |
| Formatted contents note | The friars and sisters -- Clare and the Poor Sisters of San Damiano -- The Order of Saint Clare -- Beyond Clare : a Franciscan centered order -- The Clarisses and observant reform -- Writing female Franciscan identity -- Conclusion: The true daughters of Francis and Clare. |
| 650 #0 - SUBJECT ADDED ENTRY--TOPICAL TERM | |
| Topical Term | Monastic and religious life of women |
| 856 40 - ELECTRONIC LOCATION AND ACCESS | |
| Uniform Resource Identifier | http://site.ebrary.com/lib/rucke/Doc?id=10363919 |
No items available.
